000 01307cam a22002891ia4500
003 SA-RiAUC
005 20250120080231.0
008 250120s1982 qa g 000r0 ara c
040 _aSA-RiDAU
_bara
_cSA-RiAUC
_erda
082 0 4 _a258.3
_qSA-RiAUC
090 _a258.3
_bك و هـ
100 1 _aالكوهجي، عبد الله بن حسن الحسن،
_d1921-1989
_eمؤلف.
245 1 0 _aزاد المحتاج بشرح المنهاج /
_cتأليف عبد الله بن الشيخ حسن الحسن الكوهجي ؛ حققه وراجعه عبد الله بن إبراهيم الأنصاري.
246 3 0 _aشرح المنهاج
250 _aالطبعة الأولى.
264 1 _aقطر :
_bالشؤون الدينية،
_c1982
300 _a4 مجلد ؛
_c24 سم
336 _aنص
_btxt
_2rdacontent
_3كتاب
337 _aبدون وسيط
_bn
_2rdamedia
338 _aمجلد
_bnc
_2rdacarrier
650 7 _aالفقه الشافعي
_2aucsh
700 1 _aالأنصاري، عبد الله بن إبراهيم،
_d1333-1410 هجري
_eمحقق.
700 1 2 _aالنووي، يحيى بن شرف بن مري،
_d631-676 هجري
740 2 2 _aالمنهاج في الفقه على مذهب الإمام الشافعي.
942 _2ddc
_cBOOK
949 _aSA-JeALM
_d250120
_ukhaled123
_n1
999 _c5011
_d5011